| 000 | 02158nam0a2200397 4500 | ||
|---|---|---|---|
| 001 | RU\NLR\bibl\1868250 | ||
| 005 | 20250616185316.0 | ||
| 010 |
_a978-5-17-076097-8 _bАСТ |
||
| 010 |
_a978-5-271-39345-7 _bАстрель |
||
| 010 |
_a978-5-4215-2831-9 _bПолиграфиздат _94000 |
||
| 021 |
_aRU _b2012-1854 _9142 |
||
| 035 | _a(nilc)IZD\AST\2007\1114980 | ||
| 035 | _a(NLR Aleph) 001858109 | ||
| 090 |
_a2493826 _c2493826 |
||
| 100 | _a20111221d2012 |||y0rusy50 ca | ||
| 101 | 1 |
_arus _ceng |
|
| 102 | _aRU | ||
| 105 | _ay ||||||||| | ||
| 200 | 1 |
_aСкандальная тайна _eроман _fКристи Келли _g[пер. с англ. М.Г. Луппо] |
|
| 210 |
_aМосква _cАСТ [и др.] _d2012 |
||
| 215 |
_a316, [1] с. _d21 |
||
| 225 | 1 | _aШарм | |
| 330 | _aЮная Элизабет выросла в доме герцога Кендала - и считала его отцом. Лишь у смертного одра герцога ей открылась страшная правда: она приемыш, чье происхождение окутано тайной. И единственная надежда обрести положение в свете и сохранить имя, которое она уже привыкла считать своим, - выйти замуж за нового наследника титула, только что вернувшегося из Америки. Невинной, неопытной Элизабет предстоит соблазнить мужчину. И не просто соблазнить, а влюбить в себя | | ||
| 686 |
_a84(7США) _vLBC/PL _2rubbk |
||
| 686 |
_a0662 _aИсторический любовный роман _2TCC-BG |
||
| 686 | _aШ6(7США)67-440.4{Лх1979-50} | ||
| 700 | 1 |
_aКелли _bК. _gКристи _4070 |
|
| 801 | 0 |
_aRU _bЛИБНЕТ _c20111221 _gRCR |
|
| 801 | 1 |
_aRU _bЛИБНЕТ _c20111221 _2rusmarc |
|
| 801 | 2 |
_aRU _bЦУНБ Москва _c20120125 _gRCR |
|
| 801 | 2 |
_aRU _bNLR _c20120211 _grcr |
|
| 942 | _cBOOK | ||
| 980 | _aNB | ||
| 980 | _aNBR | ||